Normal view
MARC view
- Glenn P Jenkins ; Ranjit Lamech
Entry Personal Name
001 - CONTROL NUMBER
- control field: 9342
003 - CONTROL NUMBER IDENTIFIER
- control field: NUST
005 - DATE AND TIME OF LATEST TRANSACTION
- control field: 20180121120244.0
008 - FIXED-LENGTH DATA ELEMENTS
- fixed length control field: 180121|| aca||aabn | a|a d
040 ## - CATALOGING SOURCE
- Original cataloging agency: NUST
- Transcribing agency: NUST
100 ## - HEADING--PERSONAL NAME
- Personal name: Glenn P Jenkins ; Ranjit Lamech
670 ## - SOURCE DATA FOUND
- Source citation: Work cat.: (NUST)320931: Glenn P Jenkins ; Ranjit Lamech, Green taxes and incentive policies : an international perspective, 1994
